| 000 | 00888cab a2200277 4500 | ||
|---|---|---|---|
| 001 | ABS55326 | ||
| 008 | 090401t1996 xxu||||| |||| 00| 0 eng d | ||
| 035 | _a(Sirsi) u15776 | ||
| 041 | _aeng | ||
| 100 | _aSingh, J. | ||
| 245 | _aRenovation - a thoughtful and multi-disciplinary approach | ||
| 260 | _c1996 | ||
| 350 | _a0 | ||
| 490 |
_aConstruction Repair _v10(3) May/June 1996, 40-42(3) |
||
| 520 | _aThrough examples, this article emphasises the need for a multi-disciplinary approach to renovation - using the skills of various professionals to achieve successful results. | ||
| 650 | _aBRITISH MUSEUM | ||
| 650 | _aBUILDING DEFECTS | ||
| 650 | _aRENOVATION | ||
| 650 | _aRESTORATION | ||
| 650 | _aTELC CASTLE | ||
| 690 | _aBUILDING AND CONSTRUCTION-REPAIRS AND MAINTENANCE | ||
| 690 | _aCONSERVATION | ||
| 700 | _aFaber, O | ||
| 942 | _n0 | ||
| 948 | _c04/03/1997 | ||
| 999 |
_c10377 _d10377 |
||